000 00438nam a2200205Ia 4500
008 210210b1924 xxu||||| |||| 00| 0 eng d
041 _aeng
082 _a920/110
100 _a-
245 _aCamden miscellany Vol XXXIV Vol XIII
260 _aLondon
_b-
_c1924
440 _a34,13
650 _aXXXIV
650 _aXIII
650 _aVol
650 _amiscellany
650 _aCamden
690 _aHistory
906 _a024852
999 _c150472
_d150472